Statistiche per Forma dei paesi #3

Clicka qui per fare il quiz!

Statistiche generali

  • Questo quiz è stato fatto 561 volte
  • Il punteggio medio è 12 su 16

Statistiche sulle risposte

Answer% Corretto
Germania
95%
Cipro
91%
Croazia
88%
Madagascar
88%
Portogallo
86%
Somalia
85%
Thailandia
84%
Svezia
82%
Mongolia
76%
Ucraina
74%
Iran
74%
Perù
72%
Repubblica Democratica del Congo
67%
Ciad
64%
Bangladesh
63%
Haiti
55%

Distribuzione punteggi

Percentile per numero di risposta

Percentuale di utenti per punteggio

I tuoi punteggi nel tempo

Non hai fatto questo quiz